000 00633nam a22001937a 4500
005 20251108174847.0
008 250721s2010 xx 000 0 ara d
082 1 4 _a613.5/دبد
100 1 _aدبدوب، عادل
_eمعد
245 1 0 _aبرنامج الرقابة الذاتية للمنشآت التي تتداول بالغذاء /
264 1 _aعمان :
_bالمؤلف،
_c2010.
300 _a149ص.
650 1 7 _aتغذية الانسان
650 1 7 _aالرعاية الصحية الاساسية
650 1 7 _aالرقابة الصحية
700 1 _aاحمرو، رياض
942 _2ddc
_cBK
999 _c119980
_d119980